| 000 | 00615nam a2200217Ia 4500 | ||
|---|---|---|---|
| 003 | OSt | ||
| 005 | 20230316125514.0 | ||
| 008 | 221021s9999||||xx |||||||||||||| ||und|| | ||
| 020 | _a9780073122656 | ||
| 040 | _cChuka University Library | ||
| 050 |
_aHD 30.28 _b.B87 2006 |
||
| 100 |
_aBurgelman ,R.A, _9572 |
||
| 245 | 0 | _aStrategic dynamics:Concepts and cases/ | |
| 260 |
_aBoston _bMc graw hill _c2006 |
||
| 300 |
_a503 P. _bIncludes Index |
||
| 650 |
_aStrategic planning _98562 |
||
| 650 |
_aInformation technology _98474 |
||
| 700 |
_aAndrew S. Grove _91416 |
||
| 700 |
_aMenza, P E. _98916 |
||
| 942 |
_cBK _2lcc |
||
| 999 |
_c481 _d481 |
||